000 00745nam a2200253Ia 4500
003 OSt
005 20220925221954.0
006 a|||||r|||| 00| 0
007 ta
008 220923b |||||||| |||| 00| 0 eng d
037 _cGeneral Book
040 _aRTL
_cRTL
_beng
041 _2eng
_aeng
082 _aY73(Q8441).3.N7, L4
100 _aJames Alan G
_9287298
245 0 _aSikh children in Britain
260 _aLondon
_bOxford University Press
_c1974
300 _a117p
_ccm.
490 _aInstitute of Race Relation, Publication
500 _aBibliography: P 105-13; Glossary: P 115-17
650 _aSikhs
_9233320
942 _hY73(Q8441).3.N7, L4
_cGB
_2CC
999 _c575798
_d575798